|
|
|
|
| LEADER |
00000naa2a2200000 4500 |
| 001 |
231292 |
| 005 |
20231101231054.0 |
| 035 |
|
|
|a (RuTPU)RU\TPU\book\252311
|
| 035 |
|
|
|a RU\TPU\book\52013
|
| 090 |
|
|
|a 231292
|
| 100 |
|
|
|a 20130131d1998 k y0rusy50 ca
|
| 101 |
0 |
|
|a rus
|
| 102 |
|
|
|a RU
|
| 200 |
1 |
|
|a Изучение электромагнитной эмиссии при бурении анизотропных пород
|f А. А. Ларин
|g науч. рук. И. А. Нейштетер, В. В. Кривошеев
|
| 461 |
|
1 |
|0 (RuTPU)RU\TPU\book\8224
|t Проблемы геологии и освоения недр
|o материалы докладов Второй Международной научной конференции студентов, аспирантов и молодых ученых им. академика М. А. Усова
|f Томский политехнический университет ; под ред. Б. Д. Васильева
|d 1998
|
| 463 |
|
1 |
|0 (RuTPU)RU\TPU\book\222117
|t Ч. 2
|v С. 70-71
|d 1998
|p 176 с.
|
| 610 |
1 |
|
|a труды учёных ТПУ
|
| 675 |
|
|
|a 55(063)
|v 3
|
| 700 |
|
1 |
|a Ларин
|b А. А.
|
| 702 |
|
1 |
|a Нейштетер
|b И. А.
|4 727
|
| 702 |
|
1 |
|a Кривошеев
|b В. В.
|c российский геолог
|c профессор Томского политехнического университета
|f 1948-
|g Владимир Васильевич
|2 stltpush
|4 727
|9 9291
|
| 801 |
|
1 |
|a RU
|b 63413507
|c 20021104
|g PSBO
|
| 801 |
|
2 |
|a RU
|b 63413507
|c 20130201
|g PSBO
|
| 942 |
|
|
|c BK
|